000 00364nam a22001337a 4500
008 150121b xxu||||| |||| 00| 0 eng d
050 _aSPC PR9390.9.B41.I6
100 _aBennett, Monty
_914440
245 _aIn the beginning/
_cMonty Bennett.
260 _a[S.I.] :
_b[s.n.],
300 _aVarying paginations.
_c30 cm.
500 _aStenciled
942 _2lcc
_cSPC
999 _c121844
_d121844